Каталог книг Русского отделения Туркестанской публичной библиотеки | [Прибавление 1-е (Запись № 4685136)

Подробности
000 -МАРКЕР
контрольное поле 03167nam0a22003731 4500
001 - ИДЕНТИФИКАТОР ЗАПИСИ
контрольное поле v19\rc\1677433
005 - ИДЕНТИФИКАТОР ВЕРСИИ
контрольное поле 20260406212441.0
035 ## - ДРУГИЕ СИСТЕМНЫЕ НОМЕРА
Идентификатор записи (NLR Aleph) 004783936
100 ## - ДАННЫЕ ОБЩЕЙ ОБРАБОТКИ
Данные общей обработки 20061002d1895 |||y0rusy50 ca
101 0# - ЯЗЫК РЕСУРСА
Язык текста, звукозаписи и т.д. русский
102 ## - СТРАНА ПУБЛИКАЦИИ ИЛИ ПРОИЗВОДСТВА
Страна публикации Российская Федерация
105 ## - ПОЛЕ КОДИРОВАННЫХ ДАННЫХ: ТЕКСТОВЫЕ МАТЕРИАЛЫ, МОНОГРАФИЧЕСКИЕ
Кодированные данные о монографическом текстовом документе y b |||||
200 1# - ЗАГЛАВИЕ И СВЕДЕНИЯ ОБ ОТВЕТСТВЕННОСТИ
Основное заглавие Каталог книг Русского отделения Туркестанской публичной библиотеки
Сведения, относящиеся к заглавию [№№ 1-5392]
Первые сведения об ответственности Сост. Н.В. Дмитровский
Основное заглавие [Прибавление 1-е
Сведения, относящиеся к заглавию №№ 5393-5732
Первые сведения об ответственности Сост. С. Лидский]
210 ## - ПУБЛИКАЦИЯ, РАСПРОСТРАНЕНИЕ И ДР.
Место издания, распространения и т.д. Санкт-Петербург
Дата издания, распространения и т.д. [1895]
215 ## - ФИЗИЧЕСКАЯ ХАРАКТЕРИСТИКА
Специфическое обозначение материала и объем [2], VI, 446, CXXIII с.
Размеры 24
311 ## - ПРИМЕЧАНИЯ, ОТНОСЯЩИЕСЯ К ПОЛЯМ СВЯЗИ (ПРИМЕЧАНИЯ О СВЯЗИ С ДРУГИМИ ПРОИЗВЕДЕНИЯМИ (ИЗДАНИЯМИ))
Текст примечания Первый дополнительный каталог книг Русского отделения публичной библиотеки: Т. 1/Сост. А. Николаева, 1905
311 ## - ПРИМЕЧАНИЯ, ОТНОСЯЩИЕСЯ К ПОЛЯМ СВЯЗИ (ПРИМЕЧАНИЯ О СВЯЗИ С ДРУГИМИ ПРОИЗВЕДЕНИЯМИ (ИЗДАНИЯМИ))
Текст примечания Первый дополнительный каталог книг Русского отделения публичной библиотеки: Т. 2/Сост. И. Зыков, [1905].-Экз. РНБ (): деф.: отсутствует тит. л. и обл.
311 ## - ПРИМЕЧАНИЯ, ОТНОСЯЩИЕСЯ К ПОЛЯМ СВЯЗИ (ПРИМЕЧАНИЯ О СВЯЗИ С ДРУГИМИ ПРОИЗВЕДЕНИЯМИ (ИЗДАНИЯМИ))
Текст примечания Второй дополнительный каталог книг Русского отделения публичной библиотеки/Сост. И.П. Зыков, 1907
421 #0 - ПРИЛОЖЕНИЕ
Встроенное поле 1010#$arus
-- 2001#$aПервый дополнительный каталог книг Русского отделения публичной библиотеки$eТ. 1$fСост. А. Николаева
-- 210##$d1905
-- 215##$a[2], 196 с.
Заглавие Первый дополнительный каталог книг Русского отделения публичной библиотеки
421 #0 - ПРИЛОЖЕНИЕ
Встроенное поле 1010#$arus
-- 2001#$aПервый дополнительный каталог книг Русского отделения публичной библиотеки$eТ. 2$fСост. И. Зыков
-- 210##$d[1905]
-- 215##$a[2], 68, 83 с.
-- 300##$aЭкз. РНБ (): деф.: отсутствует тит. л. и обл.
Заглавие Первый дополнительный каталог книг Русского отделения публичной библиотеки
421 #0 - ПРИЛОЖЕНИЕ
Встроенное поле 1010#$arus
-- 2001#$aВторой дополнительный каталог книг Русского отделения публичной библиотеки$fСост. И.П. Зыков
-- 210##$d1907
-- 215##$a[4], 91 с.
Заглавие Второй дополнительный каталог книг Русского отделения публичной библиотеки
532 11 - РАСШИРЕННОЕ ЗАГЛАВИЕ
Заглавие Прибавление первое
702 #1 - ИМЯ ЛИЦА - ВТОРИЧНАЯ ОТВЕТСТВЕННОСТЬ
Начальный элемент ввода Дмитровский
Часть имени, кроме начального элемента ввода Н.В.
Расширение инициалов личного имени Николай Васильевич
Код отношения Составитель
702 #1 - ИМЯ ЛИЦА - ВТОРИЧНАЯ ОТВЕТСТВЕННОСТЬ
Начальный элемент ввода Лидский
Часть имени, кроме начального элемента ввода С.
Код отношения Составитель
710 02 - НАИМЕНОВАНИЕ ОРГАНИЗАЦИИ - ПЕРВИЧНАЯ ОТВЕТСТВЕННОСТЬ
Начальный элемент ввода Туркестанская публичная б-ка
Идентифицирующий признак Ташкент
Идентификатор авторитетной/нормативной записи RU\NLR\AUTH\889969837
Системный номер авторитетной/нормативной записи 435955
801 #0 - ИСТОЧНИК ЗАПИСИ
Страна Российская Федерация
Организация NLR
Правила каталогизации psbo
801 #0 - ИСТОЧНИК ЗАПИСИ
Страна Российская Федерация
Организация RuMoRGB
Источник данных psbo
801 #1 - ИСТОЧНИК ЗАПИСИ
Страна Российская Федерация
Организация ProSoft-M
Источник данных rusmarc
852 ## - МЕСТОНАХОЖДЕНИЕ И ШИФР ХРАНЕНИЯ
Идентификатор организации NLR
Наименование фонда или коллекции (Sub-Location Identifier) Б
Шифр хранения (Call Number) 9420/Т-252
899 ## - ДАННЫЕ О МЕСТОНАХОЖДЕНИИ (устаревшее)
Местонахождение RuMoRGB (без прил.)
Шифр хранения W 269/158
899 ## - ДАННЫЕ О МЕСТОНАХОЖДЕНИИ (устаревшее)
Местонахождение RuMoRGB (без прил.)
Шифр хранения Ф 1-54/4154
942 ## - ДОПОЛНИТЕЛЬНЫЕ ЭЛЕМЕНТЫ ЗАПИСИ (АБИС)
Тип экземпляра АБИС Книга
980 ## - КОЛЛЕКЦИЯ
Название коллекции Национальная библиография
Экземпляры
Тип экземпляра Дата поступления Библиотека постоянного хранения Библиотека текущего хранения Место хранения Шифр хранения Штрих-код Статус экземпляра
Книга 26.10.2013 РНБ (Садовая) РНБ (Садовая) Фонд литературы по библиотековедению Б 9420/Т-252 4783936-10